Introductory combinatorics /
Guardado en:
| Autor Principal: | |
|---|---|
| Formato: | Libro |
| Idioma: | English |
| Publicado: |
New York :
North-Holland,
c1977.
|
| Materias: | |
| Etiquetas: |
Agregar Etiqueta
Sin Etiquetas, Sea el primero en etiquetar este registro!
|
| LEADER | 01147pam a2200229 a 4500 | ||
|---|---|---|---|
| 001 | MAT.inmabb002723 | ||
| 008 | 761208s1977####nyua#####b####001#0#eng## | ||
| 005 | 20110907151739.0 | ||
| 245 | 1 | 0 | |a Introductory combinatorics / |c Richard A. Brualdi. |
| 260 | |a New York : |b North-Holland, |c c1977. | ||
| 300 | |a x, 374 p. : |b il. ; |c 24 cm. | ||
| 505 | 0 | |a 1. What is combinatorics? -- 2. The pigeonhole principle -- 3. Basic counting principles: permutations and combinations -- 4. The binomial coefficients -- 5. The inclusion-exclusion principle -- 6. Recurrence relations -- 7. Generating functions -- 8. Systems of distinct representatives -- 9. Combinatorial designs -- 10. Introduction to the theory of graphs -- 11. Chromatic number, connectivity, and other graphical parameters -- 12. Optimization problems. | |
| 504 | |a Bibliografía: p. 359. | ||
| 500 | |a Solutions to selected exercises: p. 361-370. | ||
| 510 | 4 | |a MR, |c 58 #21631 | |
| 020 | |a 0720486106 | ||
| 100 | 1 | |a Brualdi, Richard A. | |
| 650 | 0 | |a Combinatorial analysis. | |
| 084 | |a 05-01 |2 msc2000 | ||
| 010 | |a 76030436 | ||
| 040 | |a DLC |c DLC |d DLC | ||
| 859 | |h 05 |i B886 |p A-5176 |b BIB. MATEMATICA | ||
